Sais-tu différencier les Asiatiques ? - Statistiques

Statistiques générales
  • Ce quiz a été pris 468 fois
  • Le résultat moyen est 7 sur 16
Statistiques - réponses
Par images Réponse % Correct
Thailande
73%
Japon
69%
Chine
68%
Corée du Sud
60%
Inde
58%
Japon
58%
Corée du Sud
54%
Japon
49%
Chine
45%
Inde
41%
Thailande
34%
Corée du Nord
32%
Corée du Nord
30%
Indonésie
21%
Taiwan
21%
Philipines
7%
Aucun quiz correspondant
Distribution des résultats
% des personnes avec chaque résultat
Percentile par nombre de réponses
Votre historique - résultats
Vous n’avez pas pris ce quiz